=LDR 00000nam 2200000 4500 =001 000474 =005 20250710093947 =035 ##$$a 0010-0725000336 =007 ta =008 250710################a##########0#ind## =082 ##$$a 398.209 598 =084 ##$$a 398.209 598 BAL a =100 #$$a Balsavar Deepa =245 1#$$a Anjing Usil /$c Deepa Balsavar =250 ##$$a Cetakan Pertama 2024 =260 ##$$a Jakarta :$b Badan Pengembangan dan Pembinaan Bahasa,$c 2022 =650 #4$$a Cerita Anak Indonesia - Terjemahan =650 #4$$a Literasi- Bahan Bacaan =990 ##$$a TBM202400224 =990 ##$$a TBM202400228 =990 ##$$a TBM02310231